Administration of Union Territories in India (Record no. 10376)

MARC details
000 -LEADER
fixed length control field 00397nam a2200145Ia 4500
082 ## - DEWEY DECIMAL CLASSIFICATION NUMBER
Classification number TS.0488
100 ## - MAIN ENTRY--AUTHOR NAME
Personal name Sudhir Kumar
245 #0 - TITLE STATEMENT
Title Administration of Union Territories in India
260 ## - PUBLICATION, DISTRIBUTION, ETC. (IMPRINT)
Year of publication 1989
Name of publisher University of Gorakhpur
300 ## - PHYSICAL DESCRIPTION
Number of Pages 359p.
650 ## - SUBJECT ADDED ENTRY--TOPICAL TERM
Topical Term INDIA - UNION TERRITORIES - ADMINISTRATION
650 ## - SUBJECT ADDED ENTRY--TOPICAL TERM
Topical Term INDIA - POLITICS AND GOVERNMENT
710 ## - ADDED ENTRY--CORPORATE NAME
Corporate name or jurisdiction name as entry element Krishna Nand
942 ## - ADDED ENTRY ELEMENTS (KOHA)
Koha item type Thesis
Source of classification or shelving scheme Dewey Decimal Classification
Holdings
Withdrawn status Lost status Damaged status Not for loan Home library Current library Date acquired Bill Date Full call number Accession Number Price effective from Koha item type
        NASSDOC Library NASSDOC Library 08/10/2004 2008-12-30 TS.0488 31136 18/04/2019 Thesis